Auswanderungen Thailand - Statistiken

Allgemein
  • Dieses Quiz wurde 82 mal gespielt
  • Das Durchschnittsergebnis liegt bei 14 aus 20
Antwortstatistiken
Platz Land Anzahl % Korrekt
6. Deutschland 59.125
99%
1. Vereinigte Staaten 319.794
99%
16. Kanada 19.010
97%
11. Frankreich 30.000
96%
9. Vereinigtes Königreich 45.000
93%
3. Australien 81.850
91%
19. Russland 14.087
87%
7. Japan 50.179
86%
5. Malaysia 60.500
77%
2. Südkorea 185.389
76%
17. Laos 15.497
74%
8. Singapur 47.700
71%
15. Niederlande 20.106
67%
10. Schweden 43.556
67%
14. Norwegen 22.194
63%
4. Taiwan 64.922
60%
20. Finnland 13.687
59%
18. Vereinigte Arabische Emirate 14.232
46%
12. Israel 28.000
36%
13. Libyen 24.600
3%
Keine übereinstimmenden Quizze gefunden
Verteilung der Resultate
Anzahl Personen mit jedem Resultat
Perzentil nach korrekt beantworteten Fragen
Ihre Resultats-Entwicklung
Sie haben dieses Quiz noch nicht gespielt